000 00327nam a2200145Ia 4500
999 _c2691
_d2691
003 OSt
005 20190914155327.0
008 190902s9999||||xx |||||||||||||| ||und||
040 _cmaju
100 _aMuhammad Azam
245 0 _aIntegrated Management
260 _aKarachi
_bRoyal Book
_c2007
300 _a370
942 _cBK
_2ddc